Vyčerpatelnost surovinových zdrojů, recyklace a krize na trhu druhotných surovin
Otázky vyčerpateľnosti surovinových zdrojov na zemi. Koncepty vyčerpateľnosti a indikátory vzácnosti. Zásoby surovinových zdrojov z pohľadu geologických znalostí. Cena surovinových zdrojov a jej úloha na trhu. Recyklácia odpadu z pohľadu vyčerpateľnosti surovinových zdrojov. Podpora recyklácie a krí...
Na minha lista:
| Autor principal: | |
|---|---|
| Formato: | Capítulo de Livro |
| Idioma: | tcheco |
| Assuntos: | |
| Tags: |
Sem tags, seja o primeiro a adicionar uma tag!
|
MARC
| LEADER | 00000naa$a2200000$$$4500 | ||
|---|---|---|---|
| 001 | 0109573 | ||
| 005 | 20231116104813.9 | ||
| 041 | 0 | |a cze | |
| 044 | |a CZ | ||
| 245 | 1 | 0 | |a Vyčerpatelnost surovinových zdrojů, recyklace a krize na trhu druhotných surovin |c Jan Slavík |
| 520 | |a Otázky vyčerpateľnosti surovinových zdrojov na zemi. Koncepty vyčerpateľnosti a indikátory vzácnosti. Zásoby surovinových zdrojov z pohľadu geologických znalostí. Cena surovinových zdrojov a jej úloha na trhu. Recyklácia odpadu z pohľadu vyčerpateľnosti surovinových zdrojov. Podpora recyklácie a kríza na trhu druhotných surovín. | ||
| 610 | 2 | 0 | |a zdroje surovinové |
| 610 | 2 | 0 | |a kríza hospodárska |
| 610 | 2 | 0 | |a ochrana prostredia životného |
| 610 | 2 | 0 | |a politika ekologická |
| 610 | 2 | 0 | |a recyklácia odpadu |
| 100 | 1 | |a Slavík, Jan | |